|
|
|
|
| LEADER |
02203nam a22004575i 4500 |
| 001 |
978-3-319-29471-1 |
| 003 |
DE-He213 |
| 005 |
20160601091353.0 |
| 007 |
cr nn 008mamaa |
| 008 |
160601s2016 gw | s |||| 0|eng d |
| 020 |
|
|
|a 9783319294711
|9 978-3-319-29471-1
|
| 024 |
7 |
|
|a 10.1007/978-3-319-29471-1
|2 doi
|
| 040 |
|
|
|d GrThAP
|
| 050 |
|
4 |
|a RF51-52
|
| 072 |
|
7 |
|a MN
|2 bicssc
|
| 072 |
|
7 |
|a MJP
|2 bicssc
|
| 072 |
|
7 |
|a MED085000
|2 bisacsh
|
| 082 |
0 |
4 |
|a 617.5
|2 23
|
| 245 |
1 |
0 |
|a Endoscopic Atlas of Pediatric Otolaryngology
|h [electronic resource] /
|c edited by Jeffrey Cheng, John P. Bent.
|
| 264 |
|
1 |
|a Cham :
|b Springer International Publishing :
|b Imprint: Springer,
|c 2016.
|
| 300 |
|
|
|a XI, 63 p. 125 illus., 122 illus. in color.
|b online resource.
|
| 336 |
|
|
|a text
|b txt
|2 rdacontent
|
| 337 |
|
|
|a computer
|b c
|2 rdamedia
|
| 338 |
|
|
|a online resource
|b cr
|2 rdacarrier
|
| 347 |
|
|
|a text file
|b PDF
|2 rda
|
| 505 |
0 |
|
|a External and Middle Ear -- Nasal Cavity and Nasopharynx -- Oral Cavity and Oropharynx -- Airway and Aerodigestive Tract.
|
| 520 |
|
|
|a This volume is an invaluable reference for the practicing pediatric otolaryngologist, including pediatric otolaryngology fellows and residents. Organized into primary chapters covering the topics of otology, rhinology, and laryngology/bronchoesophagology, each image is accompanied by a short description and brief overview/review of the pathology. While not meant to be all-encompassing of pediatric otolaryngology pathology encountered in practice, Atlas of Endoscopic Pediatric Otolaryngology is an essential tool for office and training programs to help educate the patient and family. .
|
| 650 |
|
0 |
|a Medicine.
|
| 650 |
|
0 |
|a Otolaryngologic surgery.
|
| 650 |
|
0 |
|a Pediatrics.
|
| 650 |
1 |
4 |
|a Medicine & Public Health.
|
| 650 |
2 |
4 |
|a Head and Neck Surgery.
|
| 650 |
2 |
4 |
|a Pediatrics.
|
| 700 |
1 |
|
|a Cheng, Jeffrey.
|e editor.
|
| 700 |
1 |
|
|a Bent, John P.
|e editor.
|
| 710 |
2 |
|
|a SpringerLink (Online service)
|
| 773 |
0 |
|
|t Springer eBooks
|
| 776 |
0 |
8 |
|i Printed edition:
|z 9783319294698
|
| 856 |
4 |
0 |
|u http://dx.doi.org/10.1007/978-3-319-29471-1
|z Full Text via HEAL-Link
|
| 912 |
|
|
|a ZDB-2-SME
|
| 950 |
|
|
|a Medicine (Springer-11650)
|